00740nam a2200193 a 450000100060000000300090000600800410001504000280005608200140008410000280009824500310012626000390015730000220019659001170021865000330033594200120036899900170038095201490039712417CO-ViMGA141112s2004 ck r 000 u spa d aCO-ViMGAbspacCO-ViMGA04a747 K67d21 aKornfeld, Albert91783410aDecoración de Interiores aBarcelona : bRamon Sopena, c1972 a368p. : il. color aForma de adquisición : DONACION - - Proveedor : MARINA TRUJILLO - - Fecha de adquisición : SEPTIEMBRE - 200014aDECORACION INTERIORES917835 2ddccBK c23426d23426 01102ddc40708003aMEVIECARbMEVIECARd2015-12-04hVolumen. 1 | 11/jun/2009l0o747 K67d2 p12417r2015-12-04 00:00:00tEj. 1w2015-12-04yBK